| 000 | 00468nam a2200181Ia 4500 | ||
|---|---|---|---|
| 003 | OSt | ||
| 005 | 20260102151336.0 | ||
| 008 | 210210b1963 xxu||||| |||| 00| 0 eng d | ||
| 040 | _cAL | ||
| 041 | _aKannada | ||
| 082 | _a859/1917 | ||
| 100 |
_aSHYAMU _9156766 _dಶ್ಯಾಮು |
||
| 245 |
_aKulahoyitu: _bಕುಲಹೋಯಿತು |
||
| 260 |
_aMaisuru _bBharati Prakashana _c1963 |
||
| 690 |
_aKannada Fiction _9156767 |
||
| 906 | _a022634 | ||
| 942 |
_2ddc _cBK |
||
| 999 |
_c147202 _d147202 |
||